000 00620nam a2200217 a 4500
001 BRCA_3941
005 20190320204502.0
008 120110s1923----mx-a######---#000-0#ger-#
041 _ager
044 _amx
050 4 _aF1215
_b.M35 1923
245 1 0 _aDas Malerische Mexiko
_cherausgegeben von Hugo Brehme.
260 _aMéxico
_bH. Brehme
_c1923
300 _axxvii p.
_bil., 197 fotos
_c32 cm.
500 _aVer también el no. de sistema 2340 (ejemplar en español)
500 _aC92
651 4 _aMéxico
_xDescripción y viajes
_9103
700 1 _aBrehme, Hugo
_eed.
_910256
902 _aGFM
942 _2lcc
_cB
999 _c3668
_d3668